Tesis sobre la ciudad del futuro

Saved in:
書目詳細資料
主要作者: Mitscherlich, Alexander (autor)
格式: 圖書
語言:西班牙语
出版: Madrid Alianza 1977
叢編:Alianza Universidad, 194
主題:
標簽: 添加標簽
沒有標簽, 成為第一個標記此記錄!

MARC

LEADER 00000nam a2200000 a 4500
001 UCW9057
003 CL-VaPUC
008 881129e19770000SP |||||||||||||||||spa|d
082 0 4 |a 711.4  |b MIT  |2 21 
100 |a Mitscherlich, Alexander  |e autor  |9 314202 
245 1 0 |a Tesis sobre la ciudad del futuro 
300 |a 127 p 
942 |c BK 
945 |d 19881129 00:00:00 
260 |a Madrid  |b Alianza  |c 1977 
650 7 |a URBANISMO SIGLO XX  |2 CL-VaPUC  |9 314203 
583 |a last modification  |c 19881129 00:00:00  |k Rodrigo Vera 
490 0 |a Alianza Universidad, 194 
999 |c 221132  |d 221130 
952 |0 0  |1 0  |4 0  |6 711_400000000000000_MIT_1977  |7 0  |8 A  |9 214135  |a BIBING  |b BIBING  |d 2019-11-15  |i 2827247  |o 711.4 MIT 1977  |p 2827247  |r 2025-01-20  |w 2019-11-15  |y BK  |k GEO 
952 |0 0  |1 0  |4 0  |6 711_400000000000000_MIT_1977  |7 0  |8 A  |9 214136  |a BIBING  |b BIBING  |d 2019-11-15  |i 2827255  |o 711.4 MIT 1977  |p 2827255  |r 2025-01-20  |w 2019-11-15  |y BK  |k GEO